00513pab a2200157 454500008004000000100001700040245012500057260000900182300001300191362001200204650002700216650003200243650002600275650001400301773004000315180718b2009 xxu||||| |||| 00| 0 eng d aHunter, Tina aJudicial decision making in the high court in original jurisdiction: the FBB and flow of legal reasoning in Australian p c2009 ap.32-56. aJan-Mar aHigh Court - Australia aDecision making - Australia aJudiciary - Australia aJudiciary aJournal of the Indian Law Institute